000 00596nam a22001577a 4500
003 OSt
005 20151212142618.0
008 151212b xxu||||| |||| 00| 0 eng d
040 _cRUA
082 _aATM.s MOB 2004 B212 Or.1
100 _94760
_aMOB, SAMON.
245 _aThe catch by stationary gill net at floodplain area kampong chhnang province, ការនេសាទដោយមងពាក់តាមវាលទំនាបលិចទឹក ខេត្តកំពង់ឆ្នាំង
260 _aPhnom Penh
_bRUA
_c2004
300 _avii; 43p.
_bill.
_c29cm.
942 _2ddc
_cATMSP
999 _c4435
_d4435